ბათუმის შოთა რუსთაველის სახელმწიფო უნივერსიტეტის ბიბლიოთეკა

ქართული ფეოდალური საგვარეულოების ისტორიიდან : (ბიბ.ჩანაწერი № 60130)

000 -ლიდერი
ფიქსირებული სიგრძის საკონტროლო ველი 01205nam a22002417a 4500
003 - საკონტროლო ნომრის იდენტიფიკატორი
საკონტროლო ველი Ge_BSU
005 - ბოლო ოპერაციის თარიღი და დრო
საკონტროლო ველი 20230612112419.0
008 - ფიქსირებული სიგრძის მონაცემთა ელემენტები - ზოგადი ინფორმაცია
ფიქსირებული სიგრძის საკონტროლო ველი 230612s2009 ge ||||| |||| 00| 0 geo d
020 ## - წიგნის საერთაშორისო სტანდარტული ნომერი
International Standard Book Number 9789941019432
041 ## - ენის კოდი
Language code of text/sound track or separate title geo
080 ## - უნივერსალური ათობითი კლასიფიკაციის ინდექსი
Universal Decimal Classification number 929.52(479.22) ო-39
100 ## - მთავარი ჩანაწერი - პიროვნების სახელი
Personal name ოთხმეზური, გიორგი
9 (RLIN) 5459
245 ## - ცნობა სათაურის შესახებ
Title ქართული ფეოდალური საგვარეულოების ისტორიიდან :
Remainder of title ამირეჯიბი /
Statement of responsibility, etc გიორგი ოთხმეზური ; [რედ. დ. კლდიაშვილი].
264 ## - წარმოების, გამოცემის, დისტრიბუციის და სხვა ცნობები
გამოცემის, წარმოების, დისტრიბუციის... ადგილი თბილისი,
გამოცემის, წარმოების, დისტრიბუციის... თარიღი 2009.
300 ## - ფიზიკური აღწერა
Extent 67გვ. :
Other physical details ტაბ. ;
Dimensions 28სმ.
500 ## - ზოგადი შენიშვნა
General note ტექსტოლ. შენიშვნ.: გვ. 60-62.
504 ## - BIBLIOGRAPHY, ETC. NOTE
Bibliography, etc ბიბლიოგრ. ტექსტ. შენიშვნ.
653 ## - INDEX TERM--UNCONTROLLED
Uncontrolled term ამირეჯიბები
653 ## - INDEX TERM--UNCONTROLLED
Uncontrolled term ქართული გვარების ისტორია
653 ## - INDEX TERM--UNCONTROLLED
Uncontrolled term ქართული ფეოდალური საგვარეულოები
700 ## - ADDED ENTRY--PERSONAL NAME
Personal name კლდიაშვილი, დ.
Relator term რედაქტორი
9 (RLIN) 18627
942 ## - ADDED ENTRY ELEMENTS (KOHA)
Source of classification or shelving scheme
Koha item type წიგნი
ეგზემპლარები
ჩამოწერის სტატუსი დაკარგული ეგზემპლარის სტატუსი კლასიფიკაციის წყარო ან თაროზე გაწყობის სქემა დაზიანების სტატუსი არ გაიცემა მუდმივი მდებარეობა (დაცვის ადგილი) ამჟამინდელი ადგილსამყოფელი თაროზე განთავსების ადგილი შეძენის თარიღი ღირებულება, შესყიდვის ნორმალური ფასი სრული შენახვის შიფრი შტრიხკოდი ბოლო ოპერაციის თარიღი ეგზემპლარის მიმდევრობითი ნომერი (კეტერი?) Uniform Resource Identifier ფასის ძალაში შესვლის თარიღი ეგზემპლარის სახეობა საჯარო შენიშვნა
          ბათუმის შოთა რუსთაველის სახელმწიფო უნივერსიტეტის მთავარი ბიბლიოთეკა ბათუმის შოთა რუსთაველის სახელმწიფო უნივერსიტეტის მთავარი ბიბლიოთეკა წიგნსაცავი 2023-06-12 6.00 929.52(479.22) ო-39 64625 2023-06-12 64625 ბსუ-ს საპატიო დოქტორის გურამ ლორთქიფანიძის საჩუქარი 2023-06-12 წიგნი 6 ლ.